Introduction to transport phenomena : (Record no. 64399)

MARC details
000 -LEADER
fixed length control field 00820nam a22002297a 4500
005 - DATE AND TIME OF LATEST TRANSACTION
control field 20120326152553.0
008 - FIXED-LENGTH DATA ELEMENTS--GENERAL INFORMATION
fixed length control field 120326t xxu||||| |||| 00| 0 eng d
010 ## - LCCN (DPL NO)
LC control number ENG-104887
020 ## - INTERNATIONAL STANDARD BOOK NUMBER
International Standard Book Number 9788120345188
Terms of availability 225.00
035 ## - SYSTEM CONTROL NUMBER
System control number EN-88420
037 ## - SOURCE OF ACQUISITION
Source of stock number/acquisition DBAD/PUB
040 ## - CATALOGING SOURCE
Original cataloging agency DPL
Language of cataloging Eng
082 ## - DEWEY DECIMAL CLASSIFICATION NUMBER
Classification number 660.284
100 ## - MAIN ENTRY--PERSONAL NAME
9 (RLIN) 44300
Personal name Bodh Raj
245 ## - TITLE STATEMENT
Title Introduction to transport phenomena :
Statement of responsibility, etc by Bodh Raj
Remainder of title momentum, heat and mass /
260 ## - PUBLICATION, DISTRIBUTION, ETC. (IMPRINT)
Place of publication, distribution, etc New Delhi
Name of publisher, distributor, etc PHI Learning
Date of publication, distribution, etc 2012
270 ## - ADDRESS
Address M-97, Connaught Circus
City New Delhi
Postal code 110001
300 ## - PHYSICAL DESCRIPTION
Extent xiii,218p. :
Dimensions 23cm(pbk)
Other physical details ill.
500 ## - GENERAL NOTE
General note Includes index
942 ## - ADDED ENTRY ELEMENTS (KOHA)
Source of classification or shelving scheme Dewey Decimal Classification
Item type English Books
Classification part 660.284
Call number suffix BOD
Holdings
Withdrawn status Lost status Source of classification or shelving scheme Damaged status Not for loan Collection code Home library Current library Date acquired Source of acquisition Cost, normal purchase price Total Checkouts Full call number Barcode Date last seen Copy number Cost, replacement price Koha item type
    Dewey Decimal Classification   Not For Loan Non-fiction D.B.Act.Division D.B.Act.Division 26/03/2012 DBAD/PUB 225.00   660.284 BOD EN-88420 26/03/2012 1 225.00 English Books

© Delhi Public Library
Hit Counter
free hit counter